000 00383nam a2200145Ia 4500
008 220216s9999 xx 000 0 und d
100 _aThankamma L
245 0 _aExtra-floral nectaries in Hevea brasiliensis
260 _bRubber Board Bulletin
_c1986
300 _a14-21
650 _aExtra-floral nectories
650 _aHevea brasiliensis
700 _aGeorge K V
942 _cJS
999 _c59204
_d59204